Albums by Cover Art - Trip Hop - Statistics

General Stats
  • This quiz has been taken 124 times
  • The average score is 7 of 20
Answer Stats
Picture Answer % Correct
Gorillaz - Demon Days
99%
Björk - Post
90%
Sade - Love Deluxe
71%
Massive Attack - Mezzanine
70%
Portishead - Dummy
70%
DJ Shadow - Endtroducing.....
43%
Dido - No Angel
42%
Boards of Canada - Music Has the Right to Children
41%
Tricky - Maxinquaye
31%
Everything but the Girl - Walking Wounded
23%
Sneaker Pimps - Becoming X
22%
PJ Harvey - Is This Desire?
21%
Gustavo Cerati - Bocanada
16%
Beck - Guero
15%
Morcheeba - Big Calm
15%
Zero 7 - Simple Things
13%
Bowery Electric - Beat
11%
Esthero - Breath From Another
11%
UNKLE - Psyence Fiction
11%
Hooverphonic - The Magnificent Tree
10%
No matching quizzes found
Score Distribution
Percent of People with Each Score
Percentile by Number Answered
Your Score History
You have not taken this quiz